000 00772nam a2200181Ia 4500
008 100917s9999 xx 000 0 und d
082 _b31683
100 _aमंगळवेढेकर राजा
245 _aसाम्राज्याच्या उंबर्यावर (शोध भारताचा)
260 _bअनिरूध्द साहित्य
_c1977
300 _a70
365 _b5
520 _aबालविभाग
630 _aसाम्राज्याच्या उंबर्यावर (शोध भारताचा)
650 _aबालविभाग
730 _aसाम्राज्याच्या उंबर्यावर (शोध भारताचा)
942 _cBOOK
999 _c637077
_d637074